000 00279nam a22001337a 4500
008 170307b xxu||||| |||| 00| 0 eng d
020 _a9783937256092
041 _aeng
080 _a611
100 _a6
101 _aSHM
245 _aBODY WORLDS
_cHAGENS, G.V
942 _2udc
_cBK
999 _c6969
_d6969